National League 25/26 Logos - Statistics

General Stats
  • This quiz has been taken 44 times
    33 since last reset
  • The average score is 17 of 24
Answer Stats
Picture Answer % Correct
Forest Green Rovers
92%
Carlisle
85%
Scunthorpe
85%
Morecambe
81%
Southend
81%
York City
81%
Hartlepool
77%
Rochdale
77%
Sutton
73%
Boston United
69%
Eastleigh
69%
Yeovil
69%
Boreham Wood
65%
Solihull moors
65%
Woking
65%
Aldershot
62%
Altrincham
62%
Braintree
62%
Gateshead
62%
Halifax
62%
Truro City
62%
Wealdstone
62%
Tamworth
54%
Brackley
50%
No matching quizzes found
Score Distribution
Percent of People with Each Score
Percentile by Number Answered
Your Score History
You have not taken this quiz since the last reset